000 00340nam a2200145Ia 4500
008 230718s9999 xx 000 0 und d
041 _aEng.
082 _a352.84
_bAHM-R
100 _aAhmad, Ch. Sagir
245 0 _aRegistration Act,1908
260 _aPakistan
_bMansoor Book House
_c2002
300 _a140
650 _aLaw
999 _c29805
_d29805